=LDR 00000nam 2200000 4500 =001 INLIS000000000005479 =005 20130612093727 =008 ***********************************Ind** =035 ##$$0010-061300000005479 =041 ##$$a Ind =082 ##$$a 959.8 =090 ##$$a 959.8, Pri s =100 ##$$a PRINGGODIGDO, A.K =245 ##$$a Sejarah pergerakan rakyat Indonesia, A.K. Pringgodigdo =260 ##$$a 1991 $b Jakarta =300 ##$$a xii, 244 hlm, 21 cm =650 ##$$a Sejarah =650 ##$$a Indonesia =850 ##$$a NBPNMAT